[Event "Bunratty Masters 2016"]
[Site "Bunratty IRL"]
[Date "2016.02.19"]
[Round "1.1"]
[White "Gelip, Ioana"]
[Black "Short, Nigel"]
[Result "0-1"]
[BlackTitle "GM"]
[WhiteElo "2132"]
[BlackElo "2684"]
[WhiteNationality "ROU"]
[BlackNationality "ENG"]
[WhiteFideId "1202260"]
[BlackFideId "400025"]
[PlyCount "108"]
[EventDate "2016.02.19"]
[Source "TWIC 1112"]

{ Source: TWIC 1112. } { Reference: <a
href="http://www.irlchess.com/bunratty2016_allfiles/pairings_bunratty2016.html">Tournament
report</a>. }

1. e4 c6 2. Nc3 d5 3. Nf3 a6 4. d4 Bg4 5. h3 Bh5 6. g4 Bg6 7. exd5 cxd5 8.
Ne5 Nc6 9. Nxg6 hxg6 10. Bg2 e6 11. Bf4 Bd6 12. Qd2 Bxf4 13. Qxf4 Qf6 14.
Qxf6 gxf6 15. O-O-O f5 16. Na4 Nf6 17. c4 Ne7 18. Bf3 O-O-O 19. Nc5 Rh4 20.
Rd3 b6 21. Na4 b5 22. cxb5 axb5 23. Rc3+ Kd7 24. Nc5+ Ke8 25. Be2 b4 26.
Rb3 fxg4 27. Rxb4 gxh3 28. Rb3 h2 29. Rg3 Nf5 30. Rg2 Nxd4 31. Ba6 Nd7 32.
Nxd7 Kxd7 33. Rgxh2 Rxh2 34. Rxh2 Ra8 35. Bd3 Rxa2 36. Rh7 Ke8 37. Kd2 e5
38. Kc3 Ne6 39. f3 Ng5 40. Rh8+ Ke7 41. Be2 d4+ 42. Kc2 f5 43. Rb8 Ra7 44.
Rb6 Rc7+ 45. Kd2 Ne6 46. Bd1 e4 47. fxe4 fxe4 48. Bg4 e3+ 49. Kd3 Nf4+ 50.
Kxd4 Kf7 51. Rd6 e2 52. Bxe2 Nxe2+ 53. Kd5 Rb7 54. Rc6 Rb5+ 0-1

[Event "Bunratty Masters 2016"]
[Site "Bunratty IRL"]
[Date "2016.02.19"]
[Round "1.2"]
[White "Jones, Gawain"]
[Black "O'Connor, Jonathan"]
[Result "1-0"]
[WhiteTitle "GM"]
[WhiteElo "2629"]
[BlackElo "2182"]
[BlackICU "2131"]
[BlackClub "Dublin"]
[WhiteNationality "ENG"]
[BlackNationality "IRL"]
[WhiteFideId "409561"]
[BlackFideId "2501112"]
[PlyCount "47"]
[EventDate "2016.02.19"]
[Source "TWIC 1112"]

{ Source: TWIC 1112. } { Reference: <a
href="http://www.irlchess.com/bunratty2016_allfiles/pairings_bunratty2016.html">Tournament
report</a>. }

1. c4 c5 2. Nf3 Nf6 3. Nc3 Nc6 4. g3 e6 5. Bg2 d5 6. cxd5 exd5 7. d4 Be7 8.
O-O O-O 9. dxc5 Bxc5 10. a3 Re8 11. b4 Bb6 12. Bb2 h6 13. Na4 Bc7 14. Rc1
a6 15. Nc5 Ne4 16. e3 Bb6 17. Nxa6 Rxa6 18. b5 Bxe3 19. fxe3 Rb6 20. a4 Bg4
21. h3 Bxf3 22. Qxf3 Rf8 23. Qg4 Ng5 24. Bxg7 1-0

[Event "Bunratty Masters 2016"]
[Site "Bunratty IRL"]
[Date "2016.02.19"]
[Round "1.3"]
[White "Moran, Stephen"]
[Black "Korneev, Oleg"]
[Result "0-1"]
[BlackTitle "GM"]
[WhiteElo "2132"]
[BlackElo "2581"]
[WhiteICU "2108"]
[WhiteClub "T.C.D."]
[WhiteNationality "IRL"]
[BlackNationality "ESP"]
[WhiteFideId "2501872"]
[BlackFideId "4156803"]
[PlyCount "62"]
[EventDate "2016.02.19"]
[Source "TWIC 1112"]

{ Source: TWIC 1112. } { Reference: <a
href="http://www.irlchess.com/bunratty2016_allfiles/pairings_bunratty2016.html">Tournament
report</a>. }

1. d4 d5 2. c4 e6 3. Nc3 c6 4. Nf3 Nf6 5. Bg5 Nbd7 6. e3 Qa5 7. cxd5 Nxd5
8. Qd2 Bb4 9. Rc1 b6 10. e4 Nxc3 11. bxc3 Ba3 12. Rb1 Ba6 13. c4 Qa4 14.
Qc3 c5 15. Qb3 Bb4+ 16. Kd1 Qxb3+ 17. Rxb3 f6 18. Be3 O-O-O 19. Kc2 Rhe8
20. d5 exd5 21. exd5 b5 22. Rxb4 cxb4 23. c5 Rxe3 24. fxe3 Nxc5 25. Be2
Rxd5 26. Nd4 Re5 27. Re1 Kc7 28. Bf3 Ne6 29. Nxe6+ Rxe6 30. Kb3 Kb6 31.
Kxb4 Bc8 0-1

[Event "Bunratty Masters 2016"]
[Site "Bunratty IRL"]
[Date "2016.02.19"]
[Round "1.4"]
[White "Hebden, Mark"]
[Black "Murray, David B."]
[Result "1-0"]
[WhiteTitle "GM"]
[WhiteElo "2467"]
[BlackElo "2181"]
[BlackICU "2124"]
[BlackClub "Gonzaga"]
[WhiteNationality "ENG"]
[BlackNationality "IRL"]
[WhiteFideId "400084"]
[BlackFideId "2501511"]
[PlyCount "63"]
[EventDate "2016.02.19"]
[Source "TWIC 1112"]

{ Source: TWIC 1112. } { Reference: <a
href="http://www.irlchess.com/bunratty2016_allfiles/pairings_bunratty2016.html">Tournament
report</a>. }

1. d4 Nf6 2. Bf4 g6 3. Nc3 d5 4. Qd2 Bg7 5. Bh6 O-O 6. Bxg7 Kxg7 7. e3 c5
8. f3 Nc6 9. g4 e5 10. dxe5 Nxe5 11. g5 Nh5 12. O-O-O d4 13. exd4 cxd4 14.
Ne4 Bf5 15. Qxd4 Qxd4 16. Rxd4 Rfd8 17. Rxd8 Rxd8 18. Ng3 Nxg3 19. hxg3 Rc8
20. Rh2 Nc6 21. Bh3 Nd4 22. Bxf5 Nxf5 23. Ne2 Rc5 24. f4 Rc4 25. Kd2 h6 26.
g4 Ne7 27. gxh6+ Kh7 28. g5 Nd5 29. Rf2 Rb4 30. b3 Rb6 31. Nc3 Ne7 32. Ne4
1-0

[Event "Bunratty Masters 2016"]
[Site "Bunratty IRL"]
[Date "2016.02.19"]
[Round "1.5"]
[White "Van der Zwet, Bart"]
[Black "Williams, Simon K."]
[Result "0-1"]
[BlackTitle "GM"]
[WhiteElo "2100"]
[BlackElo "2435"]
[WhiteNationality "NED"]
[BlackNationality "ENG"]
[WhiteFideId "1004204"]
[BlackFideId "404454"]
[PlyCount "88"]
[EventDate "2016.02.19"]
[Source "TWIC 1112"]
[WhiteFullName "van der Zwet, Bart"]

{ Source: TWIC 1112. } { Reference: <a
href="http://www.irlchess.com/bunratty2016_allfiles/pairings_bunratty2016.html">Tournament
report</a>. }

1. d4 e6 2. Nf3 f5 3. c4 Nf6 4. e3 d5 5. Qc2 c6 6. Bd3 Bd6 7. O-O O-O 8.
Nc3 Ne4 9. Ne5 Nd7 10. f4 Qh4 11. Bd2 Nxe5 12. fxe5 Be7 13. Nxe4 dxe4 14.
Be2 Bd7 15. Qb3 Rab8 16. Qa4 a6 17. c5 Bg5 18. Qb3 Qh6 19. Bc4 Qg6 20. Rf2
h5 21. Raf1 Bh4 22. Rf4 Bd8 23. Be2 h4 24. Kh1 Kh7 25. Be1 Qh6 26. Bd2 g5
27. R4f2 Rg8 28. Bxa6 g4 29. Bc4 Bg5 30. Re2 g3 31. h3 Rgf8 32. Qc2 Be8 33.
b4 Bg6 34. Qc1 Rbd8 35. Bxe6 Bh5 36. Ree1 Qxe6 37. Qc2 Bg6 38. a4 f4 39.
Qc1 f3 40. Qc2 Qf5 41. b5 Bh5 42. Ba5 f2 43. Bxd8 Qxh3+ 44. gxh3 Bf3# 0-1

[Event "Bunratty Masters 2016"]
[Site "Bunratty IRL"]
[Date "2016.02.19"]
[Round "1.6"]
[White "Baburin, Alexander"]
[Black "Denger, Philipp"]
[Result "1-0"]
[WhiteTitle "GM"]
[WhiteElo "2490"]
[BlackElo "2088"]
[WhiteICU "2429"]
[WhiteClub "Kilkenny"]
[WhiteNationality "IRL"]
[BlackNationality "GER"]
[WhiteFideId "2500914"]
[BlackFideId "4678150"]
[PlyCount "69"]
[EventDate "2016.02.19"]
[Source "TWIC 1112"]

{ Source: TWIC 1112. } { Reference: <a
href="http://www.irlchess.com/bunratty2016_allfiles/pairings_bunratty2016.html">Tournament
report</a>. }

1. d4 e6 2. c4 Nf6 3. Nc3 Bb4 4. e3 Ne4 5. Qc2 f5 6. Bd3 O-O 7. Ne2 d5 8.
f3 Nd6 9. c5 Ne8 10. a3 Bxc3+ 11. Qxc3 a5 12. Bd2 Bd7 13. b4 axb4 14. axb4
Rxa1+ 15. Qxa1 Nc6 16. O-O Ne7 17. b5 Nf6 18. Qa7 Qc8 19. Rc1 c6 20. b6 Ng6
21. f4 Ne4 22. Be1 Be8 23. Ra1 Nh8 24. Qa8 Bh5 25. Qxc8 Rxc8 26. Nc1 Bd1
27. Ra7 Rb8 28. Na2 Bb3 29. Nb4 Bc4 30. Bxe4 dxe4 31. Nxc6 bxc6 32. Ba5 Ng6
33. b7 Kf7 34. Bc7 Rxb7 35. Rxb7 1-0

[Event "Bunratty Masters 2016"]
[Site "Bunratty IRL"]
[Date "2016.02.19"]
[Round "1.7"]
[White "Wolferink, Frans"]
[Black "Wells, Peter K."]
[Result "0-1"]
[BlackTitle "GM"]
[WhiteElo "2092"]
[BlackElo "2427"]
[WhiteNationality "NED"]
[BlackNationality "ENG"]
[WhiteFideId "1003917"]
[BlackFideId "400327"]
[PlyCount "43"]
[EventDate "2016.02.19"]
[Source "TWIC 1112"]

{ Source: TWIC 1112. } { Reference: <a
href="http://www.irlchess.com/bunratty2016_allfiles/pairings_bunratty2016.html">Tournament
report</a>. }

1. e4 c5 2. Nf3 Nc6 3. d4 cxd4 4. Nxd4 Nf6 5. Nc3 e6 6. Ndb5 d6 7. Bf4 e5
8. Bg5 a6 9. Na3 b5 10. Bxf6 gxf6 11. Nd5 Bg7 12. c3 f5 13. exf5 Bxf5 14.
Qf3 Be6 15. Bd3 O-O 16. Bf5 Qg5 17. g4 Bxd5 18. Qxd5 Ne7 19. Qd3 h5 20. h4
Qf4 21. Qe3 b4 22. Rg1 0-1

[Event "Bunratty Masters 2016"]
[Site "Bunratty IRL"]
[Date "2016.02.19"]
[Round "1.8"]
[White "Collins, Sam"]
[Black "Fegan, Chris"]
[Result "1-0"]
[WhiteTitle "IM"]
[WhiteElo "2442"]
[BlackElo "2077"]
[WhiteICU "2416"]
[WhiteClub "Gonzaga"]
[WhiteNationality "IRL"]
[BlackNationality "ENG"]
[WhiteFideId "2501198"]
[BlackFideId "410047"]
[PlyCount "71"]
[EventDate "2016.02.19"]
[Source "TWIC 1112"]

{ Source: TWIC 1112. } { Reference: <a
href="http://www.irlchess.com/bunratty2016_allfiles/pairings_bunratty2016.html">Tournament
report</a>. }

1. e4 c5 2. c3 d5 3. exd5 Qxd5 4. d4 Nc6 5. Nf3 Bg4 6. Be2 e6 7. h3 Bh5 8.
O-O Nf6 9. Be3 cxd4 10. cxd4 Bb4 11. a3 Ba5 12. b4 Bb6 13. Nc3 Qd7 14. g4
Bg6 15. Ne5 Nxe5 16. dxe5 Qxd1 17. Rfxd1 Bxe3 18. Bb5+ Kf8 19. fxe3 Ne4 20.
Nxe4 Bxe4 21. Rd7 a6 22. Rad1 g5 23. Ba4 Rc8 24. Rf1 Bg6 25. Rxb7 Rc3 26.
Be8 Kxe8 27. Rb8+ Ke7 28. Rxh8 Rxe3 29. Kf2 Rxe5 30. Ra8 Bd3 31. Re1 Rd5
32. Rd1 f5 33. gxf5 exf5 34. Rxa6 h5 35. Ra5 Rd6 36. Re5+ 1-0

[Event "Bunratty Masters 2016"]
[Site "Bunratty IRL"]
[Date "2016.02.19"]
[Round "1.9"]
[White "Cabanas Jimenez, Manuel"]
[Black "Costachi, Mihnea"]
[Result "0-1"]
[BlackTitle "FM"]
[WhiteElo "2070"]
[BlackElo "2409"]
[WhiteNationality "ESP"]
[BlackNationality "ROU"]
[WhiteFideId "2268647"]
[BlackFideId "1217518"]
[PlyCount "44"]
[EventDate "2016.02.19"]
[Source "TWIC 1112"]
[WhiteFullName "Caba&ntilde;as Jimenez, Manuel"]

{ Source: TWIC 1112. } { Reference: <a
href="http://www.irlchess.com/bunratty2016_allfiles/pairings_bunratty2016.html">Tournament
report</a>. }

1. e4 e5 2. f4 Bc5 3. Nf3 d6 4. Nc3 Nf6 5. fxe5 dxe5 6. Qe2 Nc6 7. Qb5 Bb6
8. Nxe5 O-O 9. Nxc6 bxc6 10. Qc4 Ng4 11. Be2 Bf2+ 12. Kf1 Ne5 13. Qa4 Qf6
14. Nd1 Bh4+ 15. Kg1 Qg6 16. d3 Bh3 17. Ne3 Bg5 18. g3 Qf6 19. Nf5 g6 20.
d4 gxf5 21. dxe5 Qxe5 22. Qc4 Qxb2 0-1

[Event "Bunratty Masters 2016"]
[Site "Bunratty IRL"]
[Date "2016.02.19"]
[Round "1.10"]
[White "Rendle, Thomas E."]
[Black "Moynihan, Kieran"]
[Result "0-1"]
[WhiteTitle "IM"]
[WhiteElo "2366"]
[BlackElo "2138"]
[BlackICU "2058"]
[BlackClub "C.C.Y.M.S."]
[WhiteNationality "ENG"]
[BlackNationality "IRL"]
[WhiteFideId "408760"]
[BlackFideId "2500663"]
[PlyCount "82"]
[EventDate "2016.02.19"]
[Source "TWIC 1112"]

{ Source: TWIC 1112. } { Reference: <a
href="http://www.irlchess.com/bunratty2016_allfiles/pairings_bunratty2016.html">Tournament
report</a>. }

1. e4 e5 2. Nf3 Nc6 3. Bc4 Nf6 4. d3 Be7 5. O-O O-O 6. Re1 d6 7. a4 Kh8 8.
h3 Be6 9. Nc3 Ng8 10. a5 a6 11. Nd5 Qd7 12. c3 f5 13. Nxc7 Bxc4 14. Nxa8
Be6 15. Nb6 Qe8 16. Nd5 Bd8 17. Ng5 Bc8 18. Nb6 Bxb6 19. axb6 h6 20. Nf3
Nge7 21. Ra4 Qf7 22. Qe2 fxe4 23. Rxe4 Bf5 24. Ra4 Ng6 25. Be3 Kg8 26. Kh2
Bd7 27. Rea1 Qe8 28. Nh4 Nce7 29. Nxg6 Nxg6 30. Rb4 Bc6 31. Qg4 Kh7 32. Re1
Qf7 33. d4 a5 34. d5 Bd7 35. Qc4 axb4 36. cxb4 Nf4 37. Qc7 Nxg2 38. Kxg2
Qf3+ 39. Kh2 Qxh3+ 40. Kg1 Rf6 41. Bg5 Rg6 0-1

[Event "Bunratty Masters 2016"]
[Site "Bunratty IRL"]
[Date "2016.02.19"]
[Round "1.12"]
[White "Heidenfeld, Mark"]
[Black "Fox, Anthony"]
[Result "1/2-1/2"]
[WhiteTitle "IM"]
[WhiteElo "2370"]
[BlackElo "2022"]
[WhiteICU "2350"]
[BlackICU "2016"]
[WhiteClub "Kilkenny"]
[BlackClub "Dun Laoghaire"]
[WhiteNationality "IRL"]
[BlackNationality "IRL"]
[WhiteFideId "2500990"]
[BlackFideId "2500736"]
[PlyCount "96"]
[EventDate "2016.02.19"]
[Source "TWIC 1112"]

{ Source: TWIC 1112. } { Reference: <a
href="http://www.irlchess.com/bunratty2016_allfiles/pairings_bunratty2016.html">Tournament
report</a>. }

1. e4 e5 2. Nf3 Nc6 3. Bb5 a6 4. Bxc6 dxc6 5. O-O Bg4 6. h3 h5 7. d3 Qf6 8.
Nbd2 Ne7 9. Re1 Ng6 10. d4 Nf4 11. dxe5 Qg6 12. Nh4 Bxd1 13. Nxg6 Nxg6 14.
Rxd1 Rd8 15. Re1 Nxe5 16. Kf1 Bb4 17. c3 Be7 18. Nf3 Nd3 19. Re2 Bc5 20. b3
O-O 21. Bd2 Rfe8 22. Rd1 Nb2 23. Rc1 Nd3 24. Rc2 a5 25. Ne1 f6 26. g3 Kf7
27. Be3 Bxe3 28. Rxe3 Nc5 29. Rce2 Rd1 30. Kg2 g5 31. Nf3 Ne6 32. Re1 Red8
33. R3e2 R8d3 34. Rxd1 Rxd1 35. Rd2 Rxd2 36. Nxd2 Nc5 37. Kf3 Nd3 38. a3
g4+ 39. hxg4 hxg4+ 40. Ke3 Ne1 41. a4 Ke6 42. Nc4 b6 43. Kd2 Nf3+ 44. Ke2
Ng5 45. Ke3 Nh3 46. Nb2 f5 47. Nd3 Ng5 48. Nf4+ Ke5 1/2-1/2

[Event "Bunratty Masters 2016"]
[Site "Bunratty IRL"]
[Date "2016.02.19"]
[Round "1.13"]
[White "Li, Henry"]
[Black "Villegas, Pierre"]
[Result "0-1"]
[BlackTitle "FM"]
[WhiteElo "1929"]
[BlackElo "2354"]
[WhiteICU "2016"]
[WhiteClub "Gonzaga"]
[WhiteNationality "IRL"]
[BlackNationality "MNC"]
[WhiteFideId "2508524"]
[BlackFideId "654183"]
[PlyCount "66"]
[EventDate "2016.02.19"]
[Source "TWIC 1112"]

{ Source: TWIC 1112. } { Reference: <a
href="http://www.irlchess.com/bunratty2016_allfiles/pairings_bunratty2016.html">Tournament
report</a>. }

1. e4 c6 2. d4 d5 3. exd5 cxd5 4. c4 Nf6 5. Nc3 Nc6 6. Bg5 dxc4 7. Bxc4 h6
8. Bh4 Qxd4 9. Qxd4 Nxd4 10. O-O-O e5 11. f4 Bg4 12. Nf3 Bxf3 13. gxf3 Rc8
14. fxe5 Rxc4 15. exf6 Ne6 16. Bf2 g5 17. Rhe1 Bc5 18. Bxc5 Rxc5 19. Kb1
O-O 20. Rd7 Rf5 21. Re3 Rb8 22. Nd5 Kf8 23. b4 Nf4 24. Nxf4 Rxf4 25. Ree7
Rxf6 26. Rxb7 Rd8 27. Rbd7 Rxf3 28. Rxf7+ Rxf7 29. Rxd8+ Kg7 30. a4 Kg6 31.
Kc2 g4 32. b5 h5 33. Rg8+ Kf5 0-1

[Event "Bunratty Masters 2016"]
[Site "Bunratty IRL"]
[Date "2016.02.19"]
[Round "1.14"]
[White "Bates, Richard A."]
[Black "MacElligott, Gerard"]
[Result "1-0"]
[WhiteTitle "IM"]
[BlackTitle "CM"]
[WhiteElo "2332"]
[BlackElo "2082"]
[BlackICU "1986"]
[BlackClub "Elm Mount"]
[WhiteNationality "ENG"]
[BlackNationality "IRL"]
[WhiteFideId "403555"]
[BlackFideId "2500647"]
[PlyCount "49"]
[EventDate "2016.02.19"]
[Source "TWIC 1112"]

{ Source: TWIC 1112. } { Reference: <a
href="http://www.irlchess.com/bunratty2016_allfiles/pairings_bunratty2016.html">Tournament
report</a>. }

1. d4 e6 2. Nf3 f5 3. g3 Nf6 4. Bg2 Be7 5. O-O O-O 6. c4 d6 7. Nc3 Ne4 8.
Bd2 Nc6 9. d5 Nxd2 10. Qxd2 Ne5 11. b3 Nxf3+ 12. exf3 e5 13. f4 exf4 14.
Qxf4 Bf6 15. Qd2 f4 16. Rfe1 Be5 17. Rac1 Bf5 18. Nb5 Bg4 19. c5 Rf7 20.
Rc4 Qf6 21. cxd6 cxd6 22. Nc7 Rc8 23. Rec1 Bd4 24. Ne6 Bxe6 25. dxe6 1-0

[Event "Bunratty Masters 2016"]
[Site "Bunratty IRL"]
[Date "2016.02.19"]
[Round "1.15"]
[White "Cafolla, Peter"]
[Black "O'Donnell, Conor"]
[Result "1-0"]
[BlackTitle "FM"]
[WhiteElo "1990"]
[BlackElo "2303"]
[WhiteICU "1984"]
[BlackICU "2284"]
[WhiteClub "Curragh"]
[BlackClub "Gonzaga"]
[WhiteNationality "IRL"]
[BlackNationality "IRL"]
[WhiteFideId "2500884"]
[BlackFideId "2504243"]
[PlyCount "119"]
[EventDate "2016.02.19"]
[Source "TWIC 1112"]

{ Source: TWIC 1112. } { Reference: <a
href="http://www.irlchess.com/bunratty2016_allfiles/pairings_bunratty2016.html">Tournament
report</a>. }

1. e4 c6 2. d4 d5 3. e5 c5 4. c3 Nc6 5. h3 Bf5 6. Nf3 e6 7. a3 c4 8. Nbd2
f6 9. exf6 Nxf6 10. Be2 Bd6 11. Nh4 Be4 12. Nxe4 Nxe4 13. Nf3 O-O 14. Be3
b5 15. O-O Bc7 16. Re1 a5 17. Qc2 Qd6 18. a4 b4 19. Rec1 b3 20. Qb1 Nf6 21.
Re1 Nd7 22. Bd1 Rf6 23. Bg5 Rf5 24. Bh4 Raf8 25. Bg3 e5 26. dxe5 Ncxe5 27.
Nd4 Rxf2 28. Bxf2 Rxf2 29. Kxf2 Nd3+ 30. Kf1 Nxe1 31. Kxe1 Nc5 32. Qf5 g6
33. Qf3 Nd3+ 34. Kf1 Bb6 35. Rb1 Kg7 36. Be2 Nc5 37. Qg4 Qh2 38. Re1 Ne4
39. Bf3 Bxd4 40. cxd4 Nf6 41. Qe6 Qf4 42. Qe5 Qh4 43. g3 Qxh3+ 44. Bg2 Qf5+
45. Qxf5 gxf5 46. Re7+ Kg6 47. Ra7 Kg5 48. Bf3 f4 49. Kf2 fxg3+ 50. Kxg3
Kf5 51. Rxa5 Ne4+ 52. Kg2 Kf4 53. Rxd5 Nd2 54. Bd1 Ke4 55. Rd7 Kd3 56. a5
c3 57. bxc3 Nc4 58. Bxb3 Nxa5 59. Bg8 Kxc3 60. Bxh7 1-0

[Event "Bunratty Masters 2016"]
[Site "Bunratty IRL"]
[Date "2016.02.19"]
[Round "1.16"]
[White "Le Ruyet, Leopold"]
[Black "Salsac, Eric"]
[Result "1-0"]
[WhiteElo "2240"]
[BlackElo "1972"]
[BlackICU "1861"]
[WhiteNationality "FRA"]
[BlackNationality "IRL"]
[WhiteFideId "645923"]
[BlackFideId "15600211"]
[PlyCount "53"]
[EventDate "2016.02.19"]
[Source "TWIC 1112"]
[WhiteFullName "Le Ruyet, L&eacute;opold"]

{ Source: TWIC 1112. } { Reference: <a
href="http://www.irlchess.com/bunratty2016_allfiles/pairings_bunratty2016.html">Tournament
report</a>. }

1. e4 c5 2. Nf3 d6 3. d4 cxd4 4. Qxd4 Nc6 5. Bb5 Bd7 6. Qd3 Nf6 7. O-O Qc7
8. c4 a6 9. Bxc6 Bxc6 10. Nc3 e6 11. Bf4 Nd7 12. Rfd1 Ne5 13. Qe2 Be7 14.
Rac1 Qa5 15. Nd5 Nxf3+ 16. gxf3 Bxd5 17. exd5 e5 18. b4 Qd8 19. Be3 b6 20.
c5 bxc5 21. bxc5 dxc5 22. f4 Qd6 23. fxe5 Qxe5 24. f4 Qf6 25. Bxc5 Kd7 26.
Bxe7 Qxe7 27. Rc7+ 1-0

[Event "Bunratty Masters 2016"]
[Site "Bunratty IRL"]
[Date "2016.02.19"]
[Round "1.17"]
[White "McMorrow, John"]
[Black "Short, Philip"]
[Result "0-1"]
[BlackTitle "FM"]
[WhiteElo "1971"]
[BlackElo "2298"]
[WhiteICU "1829"]
[WhiteClub "Gonzaga"]
[WhiteNationality "IRL"]
[BlackNationality "IRL"]
[WhiteFideId "2501481"]
[BlackFideId "2500086"]
[PlyCount "57"]
[EventDate "2016.02.19"]
[Source "TWIC 1112"]

{ Source: TWIC 1112. } { Reference: <a
href="http://www.irlchess.com/bunratty2016_allfiles/pairings_bunratty2016.html">Tournament
report</a>. }

1. e4 g6 2. d4 Bg7 3. Nf3 d6 4. Bc4 e6 5. Nc3 Ne7 6. h4 h6 7. Bf4 a6 8. Qd2
b5 9. Bd3 Nbc6 10. Ne2 Bb7 11. O-O-O e5 12. dxe5 dxe5 13. Be3 Qd6 14. Qc3
Qe6 15. Qb3 Qxb3 16. cxb3 O-O-O 17. Bb1 Rxd1+ 18. Rxd1 Rd8 19. Bc5 Rxd1+
20. Kxd1 Kd7 21. Kd2 Nd8 22. Ng3 Ne6 23. Be3 c5 24. Ne1 Kd6 25. f3 h5 26.
Nd3 Bf6 27. f4 exf4 28. Nxf4 Bxh4 29. Nxe6 0-1

[Event "Bunratty Masters 2016"]
[Site "Bunratty IRL"]
[Date "2016.02.19"]
[Round "1.18"]
[White "Houston, David"]
[Black "Spirek, Adam"]
[Result "0-1"]
[WhiteElo "2235"]
[BlackElo "2076"]
[BlackICU "1958"]
[WhiteUCU "2091"]
[WhiteClub "Ballynafeigh"]
[BlackClub "Cavan"]
[WhiteNationality "IRL"]
[BlackNationality "CZE"]
[WhiteFideId "2505355"]
[BlackFideId "310832"]
[PlyCount "71"]
[EventDate "2016.02.19"]
[Source "TWIC 1112"]
[BlackFullName "&Scaron;p&iacute;rek, Adam"]

{ Source: TWIC 1112. } { Reference: <a
href="http://www.irlchess.com/bunratty2016_allfiles/pairings_bunratty2016.html">Tournament
report</a>. }

1. e4 d5 2. exd5 Nf6 3. d4 Bg4 4. Be2 Bxe2 5. Qxe2 Qxd5 6. Nf3 Nc6 7. O-O
O-O-O 8. Be3 Qh5 9. c4 e6 10. Nc3 Bd6 11. h3 Rhe8 12. Rfd1 h6 13. Ne1 Qh4
14. Qf3 e5 15. d5 Nd4 16. Bxd4 exd4 17. Qf5+ Kb8 18. Nf3 g6 19. Nxh4 gxf5
20. Rxd4 Be5 21. Rd3 c6 22. Rad1 cxd5 23. cxd5 f4 24. Kf1 a6 25. Nf3 Bd6
26. a3 Nd7 27. Re1 Nc5 28. Rxe8 Rxe8 29. Rd2 b5 30. Re2 Rc8 31. Nd4 Nd3 32.
Nc6+ Kb7 33. Ne4 Bf8 34. Rd2 Nc1 35. Rc2 Nd3 36. Ke2 0-1

[Event "Bunratty Masters 2016"]
[Site "Bunratty IRL"]
[Date "2016.02.19"]
[Round "1.19"]
[White "Fehr, Jukka"]
[Black "Walton, Alan J."]
[Result "0-1"]
[BlackTitle "CM"]
[WhiteElo "1965"]
[BlackElo "2216"]
[WhiteNationality "FIN"]
[BlackNationality "ENG"]
[WhiteFideId "4674693"]
[BlackFideId "409898"]
[PlyCount "76"]
[EventDate "2016.02.19"]
[Source "TWIC 1112"]

{ Source: TWIC 1112. } { Reference: <a
href="http://www.irlchess.com/bunratty2016_allfiles/pairings_bunratty2016.html">Tournament
report</a>. }

1. d4 e6 2. Nf3 f5 3. g3 Nf6 4. Bg2 Be7 5. O-O O-O 6. c4 d6 7. Nc3 Ne4 8.
Qc2 Nxc3 9. bxc3 Nc6 10. Rd1 Qe8 11. Bf4 Bf6 12. d5 Na5 13. c5 e5 14. Be3
Nc4 15. Qc1 b6 16. cxd6 cxd6 17. Bg5 Qg6 18. h4 h6 19. Bxf6 Qxf6 20. e3 Bd7
21. Nd2 Na5 22. c4 Nb7 23. a4 Nc5 24. a5 bxa5 25. Rxa5 f4 26. Rxc5 dxc5 27.
Ne4 Qb6 28. exf4 exf4 29. d6 Rae8 30. Qc2 Bf5 31. d7 Rd8 32. Qa4 fxg3 33.
Nxg3 Bg4 34. Re1 Bxd7 35. Bd5+ Kh8 36. Qa1 Rde8 37. h5 Qf6 38. Qxf6 Rxe1+
0-1